| 000 | 00662nam a2200205Ia 4500 | ||
|---|---|---|---|
| 003 | GCL | ||
| 008 | 140319s9999 xx 000 0 ara d | ||
| 040 |
_aGCL / _cGCL |
||
| 082 | 0 | 4 |
_a398.22 _bو ر |
| 100 | 1 | _aوايزمان , ب | |
| 245 | 1 | 0 |
_aريموس : _bاسطورة رومانية / _cوايزمان , ب |
| 260 |
_aالقاهرة : _bالمجلس الاعلى للثقافة ، _c2003 |
||
| 300 |
_a430 ص ؛ _c20 سم |
||
| 650 | 0 | 4 | _aالاساطير القديمة |
| 650 | 0 | 4 | _aالقصص الخرافية |
| 650 | 0 | 4 | _aاساطير العالم |
| 650 | 0 | 4 | _aاساطير |
| 650 | 0 | 4 | _aالاساطير الرومانية |
| 942 |
_2ddc _cBK |
||
| 999 |
_c34377 _d34377 |
||